[Event "Santo Domingo De La Madre op"]
[Site "Santo Domingo"]
[Date "2018.06.02"]
[Round "8"]
[White "Diaz, Eugenio Daniel"]
[Black "Espinal Garcia, Sergio Antonio D"]
[Result "1-0"]
[WhiteElo "1934"]
[BlackElo "1722"]
[PlyCount "109"]
[EventDate "2018.05.18"]
[EventType "swiss"]
[EventRounds "8"]
[EventCountry "DOM"]
[SourceTitle "CBM 184 Extra"]
[Source "ChessBase"]
[SourceDate "2018.06.28"]
[SourceVersion "1"]
[SourceVersionDate "2018.06.28"]
[SourceQuality "1"]

1. d4 g6 2. e4 Bg7 3. Bc4 c6 4. Nc3 d6 5. Nf3 Nf6 6. h3 0-0 7. a4 d5 8. exd5 Nxd5 9. Nxd5 cxd5 10. Bd3 Nc6 11. c3 Qc7 12. 0-0 Bd7 13. Re1 e6 14. Bg5 Rfe8 15. Qd2 Bf8 16. Ne5 Nxe5 17. dxe5 Bg7 18. Bf6 Bc6 19. b4 a6 20. Re3 Qd7 21. Bc2 Rec8 22. Rg3 b6 23. h4 Bb7 24. h5 Rc4 25. hxg6 fxg6 26. Bxg6 hxg6 27. Rxg6 Rc7 28. Rxg7+ Qxg7 29. Bxg7 Rxg7 30. Qd4 Kh8 31. f3 Rag8 32. g4 Rf8 33. Kg2 Rgf7 34. Rh1+ Kg8 35. Rh3 b5 36. a5 Ba8 37. Qe3 d4 38. cxd4 Rf4 39. Rg3 Bd5 40. Qd3 Kg7 41. Kf2 Be4 42. Qc3 Bd5 43. Rh3 R8f7 44. Qc8 Rf8 45. Qc7+ R8f7 46. Qd8 Rxf3+ 47. Rxf3 Rxf3+ 48. Ke2 Rb3 49. Qf6+ Kg8 50. g5 Bc4+ 51. Kd2 Rg3 52. g6 Rg2+ 53. Ke3 Bd5 54. Qf7+ Kh8 55. Qh7# 1-0

[Event "Santo Domingo Independencia op"]
[Site "Santo Domingo"]
[Date "2018.02.18"]
[Round "4"]
[White "Acevedo Vargas, Julio"]
[Black "Espinal Garcia, Sergio Antonio D"]
[Result "1-0"]
[WhiteElo "1909"]
[BlackElo "1724"]
[PlyCount "75"]
[EventDate "2018.02.16"]
[EventType "swiss"]
[EventRounds "8"]
[EventCountry "DOM"]
[SourceTitle "CBM 187 Extra"]
[Source "ChessBase"]
[SourceDate "2018.11.04"]
[SourceVersion "1"]
[SourceVersionDate "2018.11.04"]
[SourceQuality "1"]

1. d4 g6 2. e4 Bg7 3. Nc3 c6 4. Be3 d6 5. Nf3 Bg4 6. Bc4 e6 7. h3 Bxf3 8. Qxf3 Nd7 9. 0-0 Ne7 10. e5 d5 11. Bd3 0-0 12. Bg5 Re8 13. Ne2 Qc7 14. Qf4 a6 15. c3 c5 16. Qh4 Nc6 17. Rac1 c4 18. Bb1 b5 19. Ng3 a5 20. Nh5 Bh8 21. Bf6 Rec8 22. Qg5 Nxf6 23. Nxf6+ Bxf6 24. exf6 Qd8 25. Rce1 Nb8 26. Rxe6 fxe6 27. Bxg6 Kh8 28. Bf7 Qf8 29. Bxe6 Re8 30. f4 Rxe6 31. Qxd5 Raa6 32. f5 Rxf6 33. g4 Qd6 34. Qf3 Qc6 35. Qe3 Qd7 36. Qe5 Qd6 37. Qe3 Qd5 38. g5 1-0

[Event "Santo Domingo Duarte Memorial 7th"]
[Site "Santo Domingo"]
[Date "2018.01.12"]
[Round "1"]
[White "Brito Rondon, Enmanuel De Jesus"]
[Black "Espinal Garcia, Sergio Antonio D"]
[Result "1-0"]
[WhiteElo "2010"]
[BlackElo "1718"]
[PlyCount "59"]
[EventDate "2018.01.12"]
[EventType "swiss"]
[EventRounds "8"]
[EventCountry "DOM"]
[SourceTitle "CBM 182 Extra"]
[Source "ChessBase"]
[SourceDate "2018.02.23"]
[SourceVersion "1"]
[SourceVersionDate "2018.02.23"]
[SourceQuality "1"]

1. c4 e5 2. Nc3 d6 3. Nf3 Nc6 4. d4 exd4 5. Nxd4 Bd7 6. e4 Nf6 7. f3 Be7 8. Be3 0-0 9. Be2 Ne5 10. Qd2 Re8 11. 0-0-0 Be6 12. b3 Bd7 13. g4 Rf8 14. h4 a5 15. h5 a4 16. g5 Ne8 17. Kb2 axb3 18. axb3 c6 19. f4 c5 20. Nc2 Nc6 21. Ra1 Nc7 22. g6 Rxa1 23. Rxa1 Bc8 24. gxh7+ Kxh7 25. h6 g6 26. f5 Ne5 27. Rf1 Bd7 28. f6 Bxf6 29. Qxd6 Be6 30. Bxc5 1-0

[Event "Santo Domingo op U2100 2nd"]
[Site "Santo Domingo"]
[Date "2015.06.21"]
[Round "4"]
[White "Jimenez Jimenez, Leandro"]
[Black "Espinal Garcia, Sergio Antonio D"]
[Result "1/2-1/2"]
[WhiteElo "1724"]
[BlackElo "1743"]
[PlyCount "108"]
[EventDate "2015.06.19"]
[EventType "swiss"]
[EventRounds "8"]
[EventCountry "DOM"]
[SourceTitle "CBM 167 Extra"]
[Source "ChessBase"]
[SourceDate "2015.09.14"]
[SourceVersion "1"]
[SourceVersionDate "2015.09.14"]
[SourceQuality "1"]

1. d4 g6 2. c4 Nf6 3. Nc3 d5 4. Nf3 Bg7 5. Bg5 Ne4 6. Bf4 c6 7. e3 Nxc3 8. bxc3 0-0 9. Bd3 Nd7 10. 0-0 Re8 11. cxd5 cxd5 12. c4 dxc4 13. Bxc4 Nf6 14. Ne5 e6 15. Rc1 Nh5 16. Qf3 Nxf4 17. Qxf4 Qf6 18. Qe4 Qf5 19. Qxf5 gxf5 20. Bb5 Re7 21. Nd3 b6 22. Rc3 Bb7 23. Rfc1 Be4 24. Bc6 Bxc6 25. Rxc6 Rd7 26. Rc8+ Rxc8 27. Rxc8+ Bf8 28. Ne5 Rb7 29. Kf1 Kg7 30. Rd8 Rc7 31. Rd7 Rxd7 32. Nxd7 Bd6 33. Ne5 Bxe5 34. dxe5 f6 35. exf6+ Kxf6 36. f4 Ke7 37. Ke2 Kd6 38. Kd3 Kd5 39. h3 h5 40. g3 b5 41. e4+ fxe4+ 42. Ke3 b4 43. g4 hxg4 44. hxg4 a5 45. g5 a4 46. g6 b3 47. axb3 axb3 48. g7 b2 49. g8Q b1Q 50. Qa8+ Kd6 51. Qxe4 Qxe4+ 52. Kxe4 Ke7 53. Ke5 Kf7 54. Kd4 Kf6 1/2-1/2

[Event "Santo Domingo op U2100 2nd"]
[Site "Santo Domingo"]
[Date "2015.06.20"]
[Round "2"]
[White "De Leon, Julio Cesar"]
[Black "Espinal Garcia, Sergio Antonio D"]
[Result "1/2-1/2"]
[WhiteElo "1608"]
[BlackElo "1743"]
[PlyCount "64"]
[EventDate "2015.06.19"]
[EventType "swiss"]
[EventRounds "8"]
[EventCountry "DOM"]
[SourceTitle "CBM 167 Extra"]
[Source "ChessBase"]
[SourceDate "2015.09.14"]
[SourceVersion "1"]
[SourceVersionDate "2015.09.14"]
[SourceQuality "1"]

1. d4 g6 2. e4 Bg7 3. Nf3 d6 4. g3 c5 5. c3 Qb6 6. Bg2 Bg4 7. d5 Nf6 8. 0-0 0-0 9. Qd3 Nbd7 10. Nbd2 a6 11. b3 a5 12. h3 Bxf3 13. Nxf3 a4 14. Rb1 axb3 15. axb3 Ra2 16. Be3 Qa6 17. c4 Ra8 18. Bd2 Ne8 19. Bc3 Bxc3 20. Qxc3 Qa3 21. e5 Qb4 22. Qxb4 cxb4 23. e6 Nc5 24. exf7+ Kxf7 25. Nd4 Rd2 26. Rfd1 Raa2 27. Rxd2 Rxd2 28. Ne6 b6 29. Nxc5 bxc5 30. h4 Nf6 31. Bh3 Ne4 32. Be6+ Kf6 1/2-1/2

[Event "Santo Domingo op U2100 2nd"]
[Site "Santo Domingo"]
[Date "2015.06.19"]
[Round "1"]
[White "Espinal Garcia, Sergio Antonio D"]
[Black "Jaquez, Juan Manuel"]
[Result "0-1"]
[WhiteElo "1743"]
[BlackElo "2060"]
[PlyCount "64"]
[EventDate "2015.06.19"]
[EventType "swiss"]
[EventRounds "8"]
[EventCountry "DOM"]
[SourceTitle "CBM 167 Extra"]
[Source "ChessBase"]
[SourceDate "2015.09.14"]
[SourceVersion "1"]
[SourceVersionDate "2015.09.14"]
[SourceQuality "1"]

1. e4 e6 2. d4 d5 3. Nd2 Nf6 4. e5 Nfd7 5. Bd3 c5 6. c3 Nc6 7. Ne2 Qb6 8. Nf3 cxd4 9. cxd4 f6 10. exf6 Nxf6 11. 0-0 Bd6 12. Bb1 0-0 13. Qd3 Nb4 14. Qb3 a5 15. a3 a4 16. Qc3 Nc6 17. Qd3 Qc7 18. h3 b6 19. Bg5 Ba6 20. Qc2 Bc4 21. Rc1 b5 22. Nc3 Qb7 23. Re1 Bc7 24. Bh4 Rae8 25. Bg3 Bxg3 26. fxg3 Qa7 27. Qf2 Nd7 28. Bc2 e5 29. dxe5 Qxf2+ 30. Kxf2 Ndxe5 31. Rad1 d4 32. Nb1 d3 0-1